00866nam a2200241Ia 4500003000400000005001700004008004100021020001800062040001800080041000800098082002000106100002800126245005700154250001200211260004700223300002700270650003500297650002900332650005200361942002900413999001900442952016300461OSt20241024150134.0210716s2012 xx 000 0 und d a9788120342446 cAIMIT LIBRARY aeng a519.2 21bPALS aPalaniammal, S.9183180 aProbability and queueing theory /cBy S Palaniammal. a1st ed. aNew Delhi :bPHI Learning Pvt Ltd ,c2012. axii,683p. ;bPBc25 cm aStandard distributions9183181 aRandom processes9183182 aNon-markovian queues and queue networks9183183 2ddccBKe1stk519.2 PALS c207663d207663 00102ddc40708MBAaAIMITbAIMITd2012-11-13g525.00iBill no:ABK 599; Bill dt:2012-10l0o519.2 PALSpMBA10229r2026-05-23 00:00:00v420.00w2021-07-16yBK